[Event "18th American Continental"]
[Site "Foz do Iguacu BRA"]
[Date "2025.05.25"]
[Round "4.48"]
[White "Villarreal, Agustin"]
[Black "Pimenta, Jeronimo Marques"]
[Result "1-0"]
[WhiteTitle "FM"]
[WhiteElo "2272"]
[BlackElo "1946"]
[WhiteFideId "125687"]
[BlackFideId "2116448"]
[EventDate "2025.05.23"]

1. d4 Nf6 2. c4 e6 3. Nf3 d5 4. cxd5 exd5 5. Nc3 c6 6. Bg5 Be7 7. Qc2 O-O 8. e3
h6 9. Bh4 Nbd7 10. Bd3 Re8 11. O-O Ne4 12. Bxe4 Bxh4 13. Bh7+ Kh8 14. Nxh4 Qxh4
15. Bd3 Nf6 16. b4 Ne4 17. b5 Nxc3 18. Qxc3 Bd7 19. Rab1 Qf6 20. Rfc1 g6 21. Qb3
Qd6 22. Rc5 Kg7 23. h3 h5 24. Rbc1 Rab8 25. bxc6 bxc6 26. Qc3 Kh7 27. Bc2 Rb6
28. Ba4 Rc8 29. Bb3 Rcb8 30. e4 dxe4 31. Bxf7 Qf4 32. Bb3 Rf8 33. Qe3 Qxe3 34.
fxe3 Kh6 35. Ra5 a6 36. Re5 Bf5 37. Rf1 Rb5 38. Rxb5 axb5 39. g4 1-0

[Event "18th American Continental"]
[Site "Foz do Iguacu BRA"]
[Date "2025.05.25"]
[Round "4.49"]
[White "Pontes, Luiz Felizola Lima"]
[Black "Johnson, Joshua"]
[Result "0-1"]
[BlackTitle "FM"]
[WhiteElo "2070"]
[BlackElo "2267"]
[WhiteFideId "44709919"]
[BlackFideId "7700768"]
[EventDate "2025.05.23"]

1. e4 e5 2. Nf3 Nc6 3. Bb5 a6 4. Ba4 Nf6 5. O-O Be7 6. Re1 b5 7. Bb3 O-O 8. a4
Bb7 9. d3 Re8 10. Bg5 d6 11. c3 Qd7 12. Nbd2 h6 13. Bh4 Na5 14. Ba2 bxa4 15. Bb1
Bc6 16. Bc2 Reb8 17. d4 exd4 18. cxd4 Rxb2 19. d5 Bb5 20. Bxa4 Rb4 21. Bc2 Nc4
22. Nxc4 Bxc4 23. Ba4 Qc8 24. Nd4 Nxd5 25. exd5 Bxh4 26. Re8+ Qxe8 27. Bxe8 Rxe8
28. Nc6 Rb5 29. Qg4 Bf6 30. Qd7 Kf8 31. Rc1 Bg5 32. Ra1 Rxd5 33. Qxc7 Bf6 34.
Rc1 Bg5 35. Ra1 Bb5 36. Nb4 Rd2 37. Qb7 Bf6 38. Rc1 Kg8 39. Nc2 Ree2 40. Qc8+
Kh7 41. Qf5+ Kg8 42. Ne3 Be7 43. Rc8+ Bf8 44. Nd5 Re5 45. Rxf8+ Kxf8 46. Qc8+
Re8 47. Qb7 Rc2 48. Qb6 Bc6 49. Ne3 Rc1+ 50. Nf1 Bb5 51. Qxd6+ Kg8 52. g3 Bxf1
53. f3 Bh3+ 0-1

[Event "18th American Continental"]
[Site "Foz do Iguacu BRA"]
[Date "2025.05.25"]
[Round "4.50"]
[White "Azevedo Junior, Jose Ferreira"]
[Black "Martins, Vinicius Tine"]
[Result "1/2-1/2"]
[BlackTitle "FM"]
[WhiteElo "2102"]
[BlackElo "2257"]
[WhiteFideId "2127326"]
[BlackFideId "2112884"]
[EventDate "2025.05.23"]

1. e4 c5 2. Nf3 e6 3. d4 cxd4 4. Nxd4 a6 5. Be3 Qc7 6. Nd2 Nf6 7. Bd3 d6 8. Qe2
Nbd7 9. c3 Be7 10. Bc2 b6 11. g4 d5 12. f3 dxe4 13. fxe4 Ne5 14. Rg1 Bb7 15.
O-O-O Nfd7 16. g5 b5 17. N4f3 Rc8 18. Nxe5 Nxe5 19. Bd4 Bc5 20. Nf3 Nxf3 21.
Qxf3 Bxd4 22. Rxd4 O-O 23. h4 Rcd8 24. Rxd8 Rxd8 25. Rf1 Rd7 26. Kb1 Qe5 27. a3
g6 28. Rf2 Kg7 29. Rg2 a5 30. Kc1 Bc6 31. Rd2 Rxd2 32. Kxd2 a4 33. Qg4 h6 34.
gxh6+ Kxh6 35. Bd3 Kg7 36. Ke3 Qh2 37. Be2 Qh1 38. h5 Qc1+ 39. Kd4 g5 40. Kc5
Be8 41. Bxb5 Bxb5 42. Kxb5 Qxb2+ 43. Kxa4 Kh6 44. Qf3 Qc2+ 45. Kb5 f5 46. exf5
exf5 47. a4 g4 48. Qf4+ Kxh5 49. a5 Qd3+ 50. c4 Kg6 51. a6 Qb1+ 52. Ka5 Qe1+ 53.
Kb5 Qb1+ 54. Ka5 Qa1+ 55. Kb6 Qb2+ 56. Kc7 Qg7+ 57. Kc6 Qa1 58. Qd6+ Kg5 59. Kb7
Qb2+ 60. Kc7 Qg7+ 1/2-1/2

[Event "18th American Continental"]
[Site "Foz do Iguacu BRA"]
[Date "2025.05.25"]
[Round "4.51"]
[White "Cezar Junior, William Carlos"]
[Black "Pierrot, Facundo"]
[Result "0-1"]
[BlackTitle "IM"]
[WhiteElo "2048"]
[BlackElo "2253"]
[WhiteFideId "2130769"]
[BlackFideId "103250"]
[EventDate "2025.05.23"]

1. c4 e5 2. g3 Nf6 3. Bg2 d5 4. cxd5 Nxd5 5. Nf3 Nc6 6. O-O Nb6 7. Nc3 Be7 8. a3
a5 9. d3 O-O 10. Be3 Be6 11. Na4 Nd5 12. Bc5 Bd6 13. Rc1 Rc8 14. d4 e4 15. Ne5
f5 16. Nxc6 bxc6 17. e3 Rb8 18. Qd2 Nb6 19. Bxb6 cxb6 20. Rxc6 Bb3 21. Qc3 Bd5
22. f3 exf3 23. Bxf3 Bxc6 24. Qxc6 Qe7 25. Kf2 Rfe8 26. Qc4+ Kh8 27. Qd3 Qf6 28.
Nc3 Qh6 29. Rh1 Qg6 30. Rf1 Rbc8 31. Re1 Qf7 32. Re2 Qd7 33. Kg2 Bf8 34. Nd5 Rb8
35. Rc2 Rec8 36. Rf2 b5 37. h4 b4 38. axb4 axb4 39. h5 b3 40. Nf4 Bb4 41. Nd5
Bd6 42. Nc3 Rf8 43. Qc4 Qe7 44. Nd5 Qg5 45. Nf4 Bxf4 46. exf4 Qf6 47. d5 Rfc8
48. Qd3 Rc2 49. Be2 Qxb2 50. h6 Re8 0-1

[Event "18th American Continental"]
[Site "Foz do Iguacu BRA"]
[Date "2025.05.25"]
[Round "4.52"]
[White "Markzon, Gregory"]
[Black "Rodrigues, Edgar"]
[Result "0-1"]
[WhiteTitle "FM"]
[BlackTitle "FM"]
[WhiteElo "2056"]
[BlackElo "2245"]
[WhiteFideId "2003694"]
[BlackFideId "2107090"]
[EventDate "2025.05.23"]

1. e4 c5 2. Nf3 e6 3. d4 cxd4 4. Nxd4 a6 5. Bd3 Ne7 6. O-O Nbc6 7. Nxc6 Nxc6 8.
Nd2 Be7 9. f4 d6 10. Nf3 Qb6+ 11. Kh1 Bd7 12. Qe2 Rc8 13. c3 Qc7 14. Bd2 e5 15.
f5 h6 16. Ne1 Bg5 17. Nc2 Ne7 18. Bxg5 hxg5 19. Ne3 f6 20. Rad1 Bc6 21. c4 Rh4
22. Nd5 Bxd5 23. cxd5 Kf7 24. Rf2 Rch8 25. g3 Rh3 26. Qe3 Qa5 27. Bf1 R3h6 28.
a3 Rc8 29. Rc1 Rhh8 30. Rfc2 Rxc2 31. Rxc2 Rc8 32. Rxc8 Nxc8 33. Kg2 Qc7 34. Qe2
Ne7 35. Qd2 Nc8 36. Qe2 Ke7 37. h4 gxh4 38. gxh4 Qc1 39. a4 Nb6 40. b3 Nd7 41.
b4 Qb1 42. Qc4 b5 43. axb5 axb5 44. Bd3 Qb2+ 45. Qc2 Qxb4 46. Qa2 Qa4 47. Qe2
Nc5 48. Bc2 Qa2 49. Kh3 b4 50. Qg2 Kf8 51. h5 Qa3+ 52. Kh4 Qe3 0-1

[Event "18th American Continental"]
[Site "Foz do Iguacu BRA"]
[Date "2025.05.25"]
[Round "4.53"]
[White "Terao, Juliana Sayumi"]
[Black "Reyes Zavaleta, Cristhian Yamil"]
[Result "1/2-1/2"]
[WhiteTitle "FM"]
[WhiteElo "2229"]
[BlackElo "2073"]
[WhiteFideId "2109220"]
[BlackFideId "3844340"]
[EventDate "2025.05.23"]

1. e4 e6 2. d4 d5 3. Nd2 c5 4. exd5 Qxd5 5. Ngf3 Nf6 6. Bc4 Qd6 7. O-O cxd4 8.
Nb3 Be7 9. Nbxd4 a6 10. Re1 O-O 11. a4 Nbd7 12. Bg5 Re8 13. c3 Nf8 14. Ne5 Ng6
15. Nxg6 hxg6 16. Nf3 Qc5 17. Qd4 b6 18. Qh4 Bb7 19. Ne5 Nd5 20. Bxe7 Qxe7 21.
Qg4 Rad8 22. Bxd5 Rxd5 23. Re3 Red8 24. h4 Qf6 25. Rae1 Rd2 26. R3e2 Rxe2 27.
Rxe2 Rd5 28. Qg3 Rd1+ 29. Kh2 a5 30. b3 Rb1 31. c4 Rd1 32. Qg5 Qd8 33. Qg4 Qf6
34. Qg5 Qd8 35. Qf4 Qf6 36. Qg5 1/2-1/2

[Event "18th American Continental"]
[Site "Foz do Iguacu BRA"]
[Date "2025.05.25"]
[Round "4.54"]
[White "Molina Sumoza, Jesus Alberto"]
[Black "Tomiello, Mateus Costamilan"]
[Result "0-1"]
[WhiteTitle "CM"]
[BlackTitle "FM"]
[WhiteElo "2025"]
[BlackElo "2199"]
[WhiteFideId "3901874"]
[BlackFideId "22701958"]
[EventDate "2025.05.23"]

1. d4 d5 2. c4 e6 3. Nf3 Nf6 4. g3 dxc4 5. Bg2 Nc6 6. O-O Rb8 7. Bg5 Be7 8. Qc2
b5 9. Rd1 Bb7 10. b3 Nb4 11. Qc1 cxb3 12. axb3 a6 13. Nc3 O-O 14. Bxf6 Bxf6 15.
e4 c5 16. Qf4 Bxd4 17. Nxd4 cxd4 18. e5 Bxg2 19. Kxg2 Qc7 20. Ne4 Rbd8 21. Rac1
Qb6 22. Qg5 a5 23. Nf6+ Kh8 24. Qh4 h6 25. g4 Qb7+ 26. Kg1 Qf3 27. g5 Qf5 28.
Ne4 Nd5 29. gxh6 g5 30. Ng3 gxh4 31. Nxf5 exf5 32. Rxd4 Nb4 33. Rxh4 Nd3 34. Ra1
Nxe5 35. Rf4 Rd3 36. Rxf5 Nf3+ 37. Kf1 Rxb3 0-1

[Event "18th American Continental"]
[Site "Foz do Iguacu BRA"]
[Date "2025.05.25"]
[Round "4.55"]
[White "Muniz, Francisco Allysson da S."]
[Black "Mariani, Daniel Brandao"]
[Result "1/2-1/2"]
[WhiteElo "2197"]
[BlackElo "2002"]
[WhiteFideId "2184753"]
[BlackFideId "2124378"]
[EventDate "2025.05.23"]

1. d4 d5 2. c4 e6 3. Nc3 c6 4. Nf3 dxc4 5. a4 Bb4 6. Bd2 a5 7. Qc2 Nf6 8. e4 b5
9. axb5 Bxc3 10. Bxc3 cxb5 11. b3 Bb7 12. e5 Nd5 13. bxc4 Nxc3 14. Qxc3 b4 15.
Qb2 O-O 16. Be2 Nc6 17. Bd1 Ne7 18. O-O Nf5 19. Ra2 Qc7 20. Be2 Rfd8 21. g4 Ne7
22. Rd1 Ra6 23. Qc2 h6 24. Qd3 Ng6 25. Qe3 Raa8 26. Rad2 a4 27. d5 a3 28. h4 a2
29. Ra1 Ra3 30. Qd4 exd5 31. c5 b3 32. h5 Nf8 33. Rb2 Ne6 34. Qb4 Rda8 35. Rxb3
Rxb3 36. Qxb3 Nxc5 37. Qb2 Ne4 38. Rxa2 Rxa2 39. Qxa2 Qc1+ 40. Bf1 Qf4 41. Nh2
Qxe5 42. Qa7 Bc6 43. Qb6 Ba4 44. Qa7 Bb3 45. Bd3 Bc4 46. Bc2 Qf4 47. Qe3 Qxe3
48. fxe3 Nf6 49. Kf2 Kf8 50. Kg3 Be2 51. Bf5 Ke7 52. Kf2 Bb5 53. Nf3 Bd7 54.
Bxd7 Kxd7 55. Kg3 Ke6 56. Nd4+ Ke5 57. Kf3 g6 58. hxg6 fxg6 59. Nc6+ Kd6 60. Nd8
Ke7 61. Nc6+ Kd6 62. Nd8 Kc5 63. Kf4 Ne4 64. Ne6+ Kc4 65. Ke5 Nf2 66. Kf4 Nd1
67. Ke5 Nf2 68. Kf4 g5+ 69. Kf3 Nd1 70. Nd4 Kd3 71. Nf5 Kd2 72. e4 dxe4+ 73.
Kxe4 Nf2+ 74. Kf3 1/2-1/2

[Event "18th American Continental"]
[Site "Foz do Iguacu BRA"]
[Date "2025.05.25"]
[Round "4.56"]
[White "Aranha Filho, Alvaro Z."]
[Black "Bosco, Giuliana"]
[Result "1-0"]
[WhiteTitle "FM"]
[BlackTitle "WCM"]
[WhiteElo "2184"]
[BlackElo "1998"]
[WhiteFideId "2103931"]
[BlackFideId "142611"]
[EventDate "2025.05.23"]

1. Nf3 Nf6 2. c4 g6 3. Nc3 Bg7 4. e4 O-O 5. d4 d6 6. h3 e5 7. dxe5 dxe5 8. Qxd8
Rxd8 9. Bg5 Re8 10. Nd5 Nxd5 11. cxd5 c6 12. Bc4 cxd5 13. Bxd5 Nc6 14. Ke2 Be6
15. Bxe6 Rxe6 16. Rhd1 f6 17. Be3 Kf7 18. a3 Rc8 19. Rac1 Ree8 20. b4 b6 21. b5
Nb8 22. a4 Ke6 23. a5 Nd7 24. Nd2 Bf8 25. Nc4 Rb8 26. axb6 axb6 27. Nxb6 Nxb6
28. Rc6+ Kf7 29. Bxb6 Be7 30. Rd7 Rbc8 31. Kd3 Rxc6 32. bxc6 Ke6 33. Kc4 Rc8 34.
Kb5 Rb8 35. Ka6 h5 36. Ka7 Rg8 37. Kb7 Bd6 38. Bc7 Be7 39. Bb8 1-0

[Event "18th American Continental"]
[Site "Foz do Iguacu BRA"]
[Date "2025.05.25"]
[Round "4.57"]
[White "Jardim, Frederico Rodrigues"]
[Black "Calcada, Lucas Galvan"]
[Result "1-0"]
[WhiteTitle "CM"]
[WhiteElo "2173"]
[BlackElo "1967"]
[WhiteFideId "22798404"]
[BlackFideId "22746099"]
[EventDate "2025.05.23"]

1. d4 Nf6 2. Nf3 e6 3. e3 d5 4. Bd3 c5 5. c3 Nc6 6. Nbd2 Be7 7. O-O O-O 8. dxc5
Bxc5 9. b4 Bd6 10. Bb2 e5 11. e4 Ne7 12. a3 Bc7 13. c4 dxe4 14. Nxe4 Nxe4 15.
Bxe4 f5 16. Bc2 Ng6 17. Qxd8 Rxd8 18. Bb3 h6 19. c5+ Kh7 20. Rad1 Bd7 21. Rxd7
Rxd7 22. Be6 e4 23. Bxd7 exf3 24. Bxf5 fxg2 25. Rd1 Rd8 26. Rxd8 Bxd8 27. Be4 b5
28. Be5 h5 29. c6 Kh6 30. Bxg6 1-0

[Event "18th American Continental"]
[Site "Foz do Iguacu BRA"]
[Date "2025.05.25"]
[Round "4.58"]
[White "Piasetski, Leon"]
[Black "Gonzalez, Augusto"]
[Result "1-0"]
[WhiteTitle "IM"]
[WhiteElo "2153"]
[BlackElo "1937"]
[WhiteFideId "2600072"]
[BlackFideId "3702529"]
[EventDate "2025.05.23"]

1. Nf3 d5 2. e3 Nf6 3. c4 e6 4. b3 c5 5. Bb2 Nc6 6. cxd5 exd5 7. Bb5 Bd6 8. O-O
O-O 9. h3 Qe7 10. Re1 Bf5 11. Bxc6 bxc6 12. d3 Rfd8 13. Nc3 Rab8 14. Qe2 c4 15.
dxc4 Bb4 16. Nd4 Bd7 17. cxd5 cxd5 18. Rec1 Qe5 19. f4 Qe7 20. Rc2 Re8 21. Re1
Qd6 22. Qd3 Ne4 23. Ree2 Bxc3 24. Bxc3 Qg6 25. g4 h5 26. Rg2 hxg4 27. hxg4 Bxg4
28. Nf3 Nxc3 29. Qxc3 Rbc8 30. Qxc8 Bxc8 31. Rxg6 fxg6 32. Rc7 a6 33. Kf2 Bf5
34. Ra7 Rc8 35. Nd4 Bd3 36. Ke1 Re8 37. Kd2 Bf1 38. Nf3 Bb5 39. a4 Bf1 40. Nh2
Bg2 41. Rxa6 Be4 42. Kc3 Rc8+ 43. Kd4 Rb8 44. Ng4 Rxb3 45. Nf2 Bf3 46. Nd3 Kh7
47. Ra7 Bg4 48. Nc5 Rb4+ 49. Ke5 Bf3 50. a5 Rc4 51. Rc7 Rc3 52. Ne6 Rxe3+ 53.
Kd6 Kh6 54. a6 Ra3 55. a7 Ra5 56. Nd4 Bg2 57. Nc6 Ra6 58. Rc8 1-0

[Event "18th American Continental"]
[Site "Foz do Iguacu BRA"]
[Date "2025.05.25"]
[Round "4.59"]
[White "Montevilla Cahuasa, Jonathan I."]
[Black "Starke, Bruno Orlando"]
[Result "1/2-1/2"]
[WhiteTitle "CM"]
[WhiteElo "2022"]
[BlackElo "2143"]
[WhiteFideId "3322220"]
[BlackFideId "2128713"]
[EventDate "2025.05.23"]

1. e4 c5 2. Nf3 Nc6 3. Bb5 Nf6 4. e5 Nd5 5. O-O g6 6. c3 Bg7 7. d4 cxd4 8. cxd4
O-O 9. Nc3 Nxc3 10. bxc3 d6 11. Re1 a6 12. Bxc6 bxc6 13. Bg5 dxe5 14. Nxe5 Bxe5
15. dxe5 Qxd1 16. Raxd1 Re8 17. Rb1 Be6 18. a3 Bd5 19. Rb7 f6 20. Bf4 g5 21. Bg3
f5 22. f4 h6 23. fxg5 hxg5 24. Bf2 Kf7 25. h4 gxh4 26. Bxh4 Rab8 27. Reb1 Rxb7
28. Rxb7 Ke6 29. Kf2 Kxe5 30. Bxe7 f4 31. Bc5 Ke4 32. Rb4+ Kf5 33. Bd6 Re4 34.
Rxe4 Kxe4 35. Ke2 Bc4+ 36. Kf2 Bd5 37. Ke2 Bc4+ 38. Kf2 Bd5 39. Ke2 1/2-1/2

[Event "18th American Continental"]
[Site "Foz do Iguacu BRA"]
[Date "2025.05.25"]
[Round "4.60"]
[White "Bueno, Alfeu Junior Varela"]
[Black "Caceres Benitez, Fernando Israel"]
[Result "1-0"]
[WhiteTitle "FM"]
[WhiteElo "2142"]
[BlackElo "1929"]
[WhiteFideId "2108879"]
[BlackFideId "3710777"]
[EventDate "2025.05.23"]

1. e4 e5 2. Nf3 Nc6 3. Bc4 Nf6 4. d3 h6 5. h3 d6 6. a3 g6 7. Nc3 Bg7 8. Be3 O-O
9. Qd2 Kh7 10. g4 Ne8 11. O-O-O f5 12. gxf5 gxf5 13. exf5 Bxf5 14. Rdg1 Ne7 15.
d4 e4 16. Nh4 c6 17. f3 d5 18. fxe4 dxc4 19. Nxf5 Nxf5 20. exf5 Rxf5 21. Rg3 Qc7
22. Qg2 Rd8 23. Rg6 Qf7 24. Rg1 Rd6 25. Rg4 Rdf6 26. Ne4 Rf1+ 27. Kd2 R6f3 28.
Rxf1 Rxf1 29. Nf2 Rb1 30. Qe4+ Kh8 31. Rg6 Nf6 32. Qf5 Qf8 33. Nd1 Nd5 34. Qxf8+
Bxf8 35. Bf2 Kh7 36. Rg1 h5 37. Bh4 c3+ 38. bxc3 Bxa3 39. Rf1 Kg6 40. Ke2 Bd6
41. Rf3 Nf4+ 42. Kd2 Ba3 43. c4 Bc1+ 44. Kc3 Kf5 45. Nf2 Ke6 46. Ne4 b5 47. Nc5+
Kd6 48. cxb5 cxb5 49. Bg3 Bb2+ 50. Kd2 Bxd4 51. Nb3 Bg7 52. Bxf4+ Kd5 53. Rg3
Bf8 54. Rd3+ Ke4 55. Rd4+ Kf3 56. Bb8 Kg2 57. h4 a5 58. Rd8 Be7 59. Rh8 a4 60.
Nc1 Bxh4 61. Rxh5 Be7 62. Re5 Bb4+ 63. c3 Bf8 64. Kc2 Ra1 65. Rg5+ Kh3 66. Kb2
Ra3 67. Rxb5 1-0

[Event "18th American Continental"]
[Site "Foz do Iguacu BRA"]
[Date "2025.05.25"]
[Round "4.61"]
[White "Bauza, Alejandro"]
[Black "Prado Oliveira, Fellipe"]
[Result "1-0"]
[WhiteTitle "FM"]
[WhiteElo "2119"]
[BlackElo "1863"]
[WhiteFideId "3000060"]
[BlackFideId "2114895"]
[EventDate "2025.05.23"]

1. Nf3 Nf6 2. c4 c5 3. Nc3 Nc6 4. e3 d5 5. d4 cxd4 6. exd4 e6 7. c5 b6 8. Bb5
Bd7 9. Qa4 Qc8 10. Ne5 Nxe5 11. dxe5 Bxb5 12. Nxb5 Nd7 13. cxb6 a6 14. Nc7+ Kd8
15. Nxa8 Qxa8 16. Be3 Qb7 17. Rc1 Nxb6 18. Bg5+ Be7 19. Qh4 Nc4 20. Bxe7+ Qxe7
21. Qxe7+ Kxe7 22. O-O Nxe5 23. Rc7+ Kf6 24. Ra7 Rb8 25. b3 Rb6 26. f4 Nc6 27.
Rc7 Nb4 28. a3 Nc6 29. b4 Nd4 30. Rc5 Rd6 31. Kf2 Kf5 32. Ke3 Nb5 33. a4 Na3 34.
Rfc1 Nc4+ 35. R1xc4 1-0

[Event "18th American Continental"]
[Site "Foz do Iguacu BRA"]
[Date "2025.05.25"]
[Round "4.62"]
[White "Pereira Vera, Henry Alberto"]
[Black "Jodorcovsky Werjivker, Paulo"]
[Result "1/2-1/2"]
[BlackTitle "CM"]
[WhiteElo "1913"]
[BlackElo "2117"]
[WhiteFideId "4433270"]
[BlackFideId "3700305"]
[EventDate "2025.05.23"]

1. b3 d5 2. Bb2 Bf5 3. Nf3 e6 4. e3 Nf6 5. c4 c6 6. Be2 h6 7. O-O Bd6 8. Nd4 Bh7
9. f4 O-O 10. Nf3 Nbd7 11. a3 e5 12. Nxe5 Qe7 13. d3 Bc7 14. Nd2 Bb6 15. d4 Nxe5
16. fxe5 Nd7 17. Nf3 f6 18. exf6 Nxf6 19. Bd3 Ne4 20. Qc2 Bc7 21. cxd5 cxd5 22.
Ne5 Qg5 23. Qe2 Bxe5 24. dxe5 Nc5 25. Bxh7+ Kxh7 26. g3 1/2-1/2

[Event "18th American Continental"]
[Site "Foz do Iguacu BRA"]
[Date "2025.05.25"]
[Round "4.63"]
[White "Gauche, Charles"]
[Black "Silva, Juliana Figueira Theophilo"]
[Result "1-0"]
[WhiteTitle "FM"]
[BlackTitle "WFM"]
[WhiteElo "2112"]
[BlackElo "1919"]
[WhiteFideId "2101335"]
[BlackFideId "22781684"]
[EventDate "2025.05.23"]

1. e4 c5 2. Nf3 d6 3. Bb5+ Nd7 4. O-O a6 5. Bd3 Ngf6 6. c3 e6 7. Bc2 b5 8. d4
Bb7 9. Re1 Be7 10. Nbd2 O-O 11. Nf1 Qc7 12. Bg5 Rfe8 13. h3 Rad8 14. N3h2 Nf8
15. f3 Nh5 16. Be3 Bh4 17. Re2 Ng6 18. Qd2 cxd4 19. cxd4 e5 20. d5 Nhf4 21. Bxf4
Nxf4 22. Re3 Bg5 23. h4 Rc8 24. Bb3 Bd8 25. g3 Nh5 26. Rd3 Qe7 27. Re1 Rb8 28.
Bd1 Bb6+ 29. Kg2 f5 30. exf5 Qf7 31. Bc2 Qxf5 32. Ne3 Qg6 33. Neg4 Bc8 34. Ra3
Bf5 35. Bxf5 Qxf5 36. Re4 a5 37. Rc3 Bc5 38. Qd3 b4 39. Rc1 Rec8 40. Nh6+ gxh6
41. Rg4+ Qxg4 42. Nxg4 Kh8 43. Qf5 Ng7 44. Qe4 Rb7 45. Nxh6 Rf8 46. b3 Rd7 47.
Rc4 Nh5 48. Qg4 Nf6 49. Qe6 Rb7 50. Nf5 Rd7 51. g4 Rb7 52. Nxd6 1-0

[Event "18th American Continental"]
[Site "Foz do Iguacu BRA"]
[Date "2025.05.25"]
[Round "4.64"]
[White "Medeiros, Thauane Ferreira"]
[Black "Becker, Rogerio Sperb"]
[Result "0-1"]
[WhiteTitle "WFM"]
[WhiteElo "1972"]
[BlackElo "2111"]
[WhiteFideId "2134470"]
[BlackFideId "22767797"]
[EventDate "2025.05.23"]

1. d4 Nf6 2. Bf4 g6 3. e3 Bg7 4. Nf3 O-O 5. h3 b6 6. Be2 Bb7 7. O-O d6 8. c3
Nbd7 9. Bh2 Qe8 10. Re1 e5 11. a4 e4 12. Nfd2 a6 13. b4 Qe7 14. Nb3 Nd5 15. Ra2
f5 16. Qd2 Kh8 17. c4 N5f6 18. Rc2 g5 19. Na3 g4 20. hxg4 Nxg4 21. Bg3 Ndf6 22.
c5 Nh5 23. cxd6 cxd6 24. Bxg4 fxg4 25. Rec1 Nxg3 26. Rc7 Qe6 27. Rxb7 Qxb3 28.
fxg3 Qxa3 29. Rcc7 Qa1+ 30. Rc1 Qxa4 31. Rcc7 Qa1+ 32. Rc1 Qa3 33. Rbc7 Rf6 34.
R7c3 Qa4 35. Rc7 Raf8 36. Kh2 Qb5 37. Rd1 Qh5+ 38. Kg1 Rh6 0-1

[Event "18th American Continental"]
[Site "Foz do Iguacu BRA"]
[Date "2025.05.25"]
[Round "4.65"]
[White "Silva, Adriano Da"]
[Black "Ynojosa Aponte, Felix Jose"]
[Result "0-1"]
[BlackTitle "IM"]
[WhiteElo "1924"]
[BlackElo "2392"]
[WhiteFideId "2128675"]
[BlackFideId "3900258"]
[EventDate "2025.05.23"]

1. c4 c5 2. g3 Nf6 3. Bg2 e6 4. Nf3 Be7 5. Nc3 O-O 6. O-O b6 7. Ne5 d5 8. cxd5
exd5 9. d4 Be6 10. dxc5 bxc5 11. Bg5 h6 12. Bxf6 Bxf6 13. f4 Bxe5 14. fxe5 Nc6
15. Nxd5 Nxe5 16. Nf4 Rb8 17. Nxe6 fxe6 18. Rxf8+ Qxf8 19. b3 Qf5 20. Qd6 Re8
21. Rf1 Qg5 22. Bc6 Rf8 23. Qxe6+ Kh7 24. Rf2 Qh5 0-1

[Event "18th American Continental"]
[Site "Foz do Iguacu BRA"]
[Date "2025.05.25"]
[Round "4.66"]
[White "Zallio, Luciano de Souza"]
[Black "Cordero, Daniela"]
[Result "1-0"]
[WhiteTitle "CM"]
[BlackTitle "WIM"]
[WhiteElo "2243"]
[BlackElo "1923"]
[WhiteFideId "2109700"]
[BlackFideId "3301630"]
[EventDate "2025.05.23"]

1. Nf3 d5 2. b3 Nf6 3. Bb2 e6 4. g3 Bd6 5. c4 c5 6. cxd5 exd5 7. Bg2 Bf5 8. O-O
O-O 9. d4 Nc6 10. dxc5 Bxc5 11. Nc3 Qd7 12. Rc1 Be7 13. Qd2 Rad8 14. e3 Bh3 15.
Rfd1 Bxg2 16. Kxg2 Qg4 17. h3 Qd7 18. Qd3 h6 19. a3 a6 20. Na4 b5 21. Nc5 Qa7
22. b4 Qb6 23. Nh4 a5 24. bxa5 Nxa5 25. Bd4 Rfe8 26. Nf5 Bxc5 27. Rxc5 Nc4 28.
Rb1 Qe6 29. Rbxb5 Ne4 30. Nxg7 Nxc5 31. Rxc5 Qe4+ 32. Qxe4 Rxe4 33. Nh5 Re6 34.
Nf6+ Kf8 35. Nxd5 Nxa3 36. Nf4 Ra6 37. h4 Nb1 38. Rc2 Rb8 39. Nh5 Na3 40. Rc7
Nb5 41. Bg7+ Kg8 42. Rc4 Rg6 43. Be5 Re8 44. f4 1-0

[Event "18th American Continental"]
[Site "Foz do Iguacu BRA"]
[Date "2025.05.25"]
[Round "4.67"]
[White "Oviedo Acosta, Paula"]
[Black "Lima, Stefan Moisei VIeira"]
[Result "1/2-1/2"]
[WhiteTitle "WFM"]
[BlackTitle "FM"]
[WhiteElo "1920"]
[BlackElo "2241"]
[WhiteFideId "3704394"]
[BlackFideId "22782273"]
[EventDate "2025.05.23"]

1. e4 e6 2. d4 d5 3. Nd2 Be7 4. Ngf3 Nf6 5. e5 Nfd7 6. c3 c5 7. Bd3 Nc6 8. Qe2
cxd4 9. cxd4 Qb6 10. Qe3 g5 11. h3 h5 12. Nb3 Rg8 13. g4 h4 14. O-O a5 15. Nbd2
Nf8 16. Rd1 Ng6 17. a3 Nf4 18. Bf1 Bd7 19. Nb1 a4 20. Qe1 Na5 21. Nc3 Rc8 22.
Bxf4 gxf4 23. Ne2 Rc2 24. Rab1 Bb5 25. Nc3 Bc6 26. Ne2 Nc4 27. Nxf4 Nxb2 28. Rd2
Rxd2 29. Qxd2 Qb3 30. Nd3 Nc4 31. Qe1 Qxa3 32. Ra1 Qb3 33. Rb1 Qa3 34. Ra1 1/2-1/2

[Event "18th American Continental"]
[Site "Foz do Iguacu BRA"]
[Date "2025.05.25"]
[Round "4.68"]
[White "Ocampos, Ian"]
[Black "Bulhoes, Benicio Rocha"]
[Result "1-0"]
[WhiteElo "2219"]
[BlackElo "1918"]
[WhiteFideId "117544"]
[BlackFideId "44704879"]
[EventDate "2025.05.23"]

1. e4 e5 2. Nf3 Nc6 3. Bb5 a6 4. Ba4 Nf6 5. O-O b5 6. Bb3 Be7 7. d4 d6 8. c3 Bg4
9. h3 Bxf3 10. Qxf3 exd4 11. Qg3 g6 12. Qd3 O-O 13. cxd4 Na5 14. Bc2 Re8 15. f4
d5 16. e5 Ne4 17. f5 Nc6 18. fxg6 hxg6 19. Qf3 Rf8 20. Be3 Bg5 21. Bxg5 Nxg5 22.
Qe3 Ne6 23. Rf6 Kg7 24. Bxg6 fxg6 25. Rxe6 Qd7 26. Rf6 Rxf6 27. exf6+ Kxf6 28.
Qh6 Qg7 29. Qe3 Qe7 30. Qh6 Qg7 31. Qf4+ Ke6 32. Qg4+ Ke7 33. Qe2+ Kd6 34. Nc3
Qxd4+ 35. Kh1 Qe5 36. Qd3 Ne7 37. Qd2 Nf5 38. Re1 Qd4 39. Qg5 Qg7 40. Qf4+ Kc6
41. Nxd5 Qd4 42. Qxc7+ Kxd5 43. Qb7+ Kc5 44. Qxa8 Ng3+ 45. Kh2 Qd6 46. Qc8+ Kb4
47. Qc3+ Ka4 48. b3+ Ka3 49. b4+ 1-0